México : guía visual
Guardado en:
| Formato: | Libro |
|---|---|
| Publicado: |
Buenos Aires :
Clarín,
1998
|
| Series: | Biblioteca Clarín. Serie Guías visuales
|
| Materias: | |
| Etiquetas: |
Agregar Etiqueta
Sin Etiquetas, Sea el primero en etiquetar este registro!
|
| LEADER | 00586nam a22002055a 4500 | ||
|---|---|---|---|
| 001 | CEM.cems011975 | ||
| 005 | 20070514182551.0 | ||
| 008 | 130507s1998##################000#0#####d | ||
| 003 | CEMS | ||
| 020 | |a 9507821104 | ||
| 082 | 0 | 4 | |a 917.204 |
| 245 | 0 | 0 | |a México : |b guía visual |
| 260 | |a Buenos Aires : |b Clarín, |c 1998 | ||
| 300 | |a 143 p. | ||
| 490 | 0 | |a Biblioteca Clarín. Serie Guías visuales | |
| 500 | |a Guía de viajes y turismo | ||
| 653 | |a Turismo | ||
| 653 | |a México-guías visuales | ||
| 653 | |a México-turismo | ||
| 859 | |a CEMS |b BIB. CEMS - 11 de abril |h 917.204 |i C394 |p 23092.05 |t Ej.1 | ||
